Ο παπατρέχας
Αποθηκεύτηκε σε:
| Κύριος συγγραφέας: | |
|---|---|
| Άλλοι συγγραφείς: | |
| Μορφή: | Βιβλίο |
| Γλώσσα: | Greek |
| Δημοσίευση: |
Αθήνα :
Ερμής,
1970.
|
| Σειρά: | Νέα ελληνική βιβλιοθήκη (Εκδοτική Ερμής)
|
| Θέματα: | |
| Ετικέτες: |
Προσθήκη ετικέτας
Δεν υπάρχουν, Καταχωρήστε ετικέτα πρώτοι!
|
MARC
| LEADER | 00000cam a2200000 i 4500 | ||
|---|---|---|---|
| 001 | 1/38472 | ||
| 008 | 970612s1970####gr | ||| |||| ||gre|| | ||
| 035 | |a 1997 |c ΔΩΡΕΑ |l 10040774 | ||
| 040 | |a GR-MyUA |b gre |e AACR2 | ||
| 041 | 0 | |a gre | |
| 082 | 7 | |a 889.3 |2 (22) | |
| 100 | 1 | |a Κοραής, Αδαμάντιος, |d 1748-1833. | |
| 245 | 1 | 2 | |a Ο παπατρέχας / |c Αδαμάντιος Κοραής ; επιμέλεια: Άλκης Αγγέλου. |
| 260 | |a Αθήνα : |b Ερμής, |c 1970. | ||
| 300 | |a 149 σ. ; |c 17 εκ. | ||
| 490 | 1 | |a (Νέα Ελληνική Βιβλιοθήκη) | |
| 650 | 0 | 0 | |a Greek fiction. |
| 700 | 1 | |a Αγγέλου, Άλκης, |d 1917-2001, |e edt | |
| 830 | 0 | |a Νέα ελληνική βιβλιοθήκη (Εκδοτική Ερμής) | |
| 852 | |a INST |b SAMOS |e 19970612 |h 889.3 ΚΟΡ |p 005300009030 |q 005300009030 |t BK |y 0 | ||
| 970 | |z 1997/06 | ||